[Event "DEM U14 2015"]
[Site "Willingen GER"]
[Date "2015.05.26"]
[Round "5"]
[White "Acikel, Mert"]
[Black "Hinrichs, Niklas"]
[Result "0-1"]
[Termination "normal"]
[Board "21"]
[WhiteElo "1887"]
[BlackElo "1818"]
[PlyCount "98"]
[WhiteFideId "12956465"]
[BlackFideId "12942499"]
[EventCountry "GER"]
[EventRounds "9"]
[EventType "swiss"]
[EventDate "2015.05.23"]

1. e4 c5 2. Nf3 d6 3. d4 cxd4 4. Nxd4 Nf6 5. Nc3 a6 6. Be3 e6 7. Be2 Qc7 8. a4
b6 9. f4 Bb7 10. Bf3 Nbd7 11. O-O Nc5 12. e5 dxe5 13. fxe5 Qxe5 14. Bf4 Bxf3
15. Rxf3 Qh5 16. Qf1 Nce4 17. Nxe4 Nxe4 18. Re1 Qd5 19. Be3 Nf6 20. c4 Qb7 21.
Bg5 Bc5 22. Be3 O-O 23. Kh1 Ng4 24. Bg1 Qd7 25. Rd1 Rad8 26. Rfd3 Qc7 27. Qe2
Nf6 28. Nf3 Bxg1 29. Nxg1 Rd7 30. Rxd7 Nxd7 31. Nf3 Nc5 32. Ne5 Rd8 33. Rxd8+
Qxd8 34. Qc2 Qd6 35. Nf3 h6 36. h3 e5 37. Qf5 e4 38. Ne5 Qf6 39. Qc8+ Kh7 40.
Qc7 Qf1+ 41. Kh2 Qf4+ 42. g3 Qf2+ 43. Kh1 e3 44. Ng4 Qf3+ 45. Kh2 e2 46. Qe5
Nd3 47. Nf6+ gxf6 48. Qe7 Qf2+ 49. Kh1 e1=R+ 0-1

[Event "DEM U14 2015"]
[Site "Willingen GER"]
[Date "2015.05.26"]
[Round "5"]
[White "Wolf, Philipp"]
[Black "Riedel, Erich"]
[Result "0-1"]
[Termination "normal"]
[Board "22"]
[WhiteElo "1573"]
[BlackElo "1783"]
[PlyCount "72"]
[WhiteFideId "12958948"]
[BlackFideId "12958646"]
[EventCountry "GER"]
[EventRounds "9"]
[EventType "swiss"]
[EventDate "2015.05.23"]

1. e4 e6 2. d4 d5 3. Nd2 Nf6 4. e5 Nfd7 5. Bd3 c5 6. c3 Nc6 7. Ne2 cxd4 8. cxd4
f6 9. exf6 Nxf6 10. O-O Bd6 11. Nf3 O-O 12. Bf4 Bxf4 13. Nxf4 Ng4 14. Qd2 Qf6
15. Ne2 e5 16. dxe5 Ngxe5 17. Nxe5 Nxe5 18. Nd4 Kh8 19. Rac1 Bd7 20. Bb1 g6 21.
Rc7 Bc6 22. Nxc6 bxc6 23. Re1 Rae8 24. h3 Nc4 25. Qc1 Qxf2+ 26. Kh2 Qxe1 27.
Qxe1 Rxe1 28. b3 Rxb1 29. bxc4 dxc4 30. Rxc6 Rc1 31. Rc7 c3 32. Rxa7 Rc8 33.
Rb7 c2 34. Rb2 Ra1 35. Rxc2 Rxc2 36. a4 Rxa4 0-1

[Event "DEM U14 2015"]
[Site "Willingen GER"]
[Date "2015.05.26"]
[Round "5"]
[White "Viol, Julius"]
[Black "Ortmeier, Leonard"]
[Result "1/2-1/2"]
[Termination "normal"]
[Board "23"]
[WhiteElo "1558"]
[BlackElo "1737"]
[PlyCount "43"]
[WhiteFideId "12958492"]
[BlackFideId "12993662"]
[EventCountry "GER"]
[EventRounds "9"]
[EventType "swiss"]
[EventDate "2015.05.23"]

1. d4 c5 2. d5 e5 3. c4 d6 4. Nc3 Be7 5. Nf3 Bg4 6. e4 Bxf3 7. Qxf3 Bg5 8. Bxg5
Qxg5 9. Nb5 Qd8 10. Qb3 Na6 11. Qa4 Kf8 12. Nc3 Ne7 13. Bd3 Ng6 14. g3 Rb8 15.
Qd1 Qf6 16. a3 Ke7 17. Nb5 Ra8 18. h4 Rhc8 19. Be2 h6 20. Bg4 Rd8 21. Qf3 Qxf3
22. Bxf3 1/2-1/2

[Event "DEM U14 2015"]
[Site "Willingen GER"]
[Date "2015.05.27"]
[Round "6"]
[White "Martin, Julian"]
[Black "Fieberg, Samuel"]
[Result "1/2-1/2"]
[Termination "normal"]
[Board "1"]
[WhiteElo "2281"]
[BlackElo "2168"]
[WhiteClock "00:22:54"]
[BlackClock "00:37:27"]
[PlyCount "91"]
[WhiteFideId "12941000"]
[BlackFideId "12901717"]
[EventCountry "GER"]
[EventRounds "9"]
[EventType "swiss"]
[EventDate "2015.05.23"]

1. e4 c5 2. Nf3 d6 3. d4 cxd4 4. Nxd4 Nf6 5. Nc3 e5 6. Bb5+ Nbd7 7. Nf5 a6 8.
Bxd7+ Qxd7 9. Bg5 Nxe4 10. Nxg7+ Bxg7 11. Nxe4 O-O 12. Qxd6 f6 13. Qxd7 Bxd7
14. Bd2 Bc6 15. f3 f5 16. Nc3 b5 17. O-O-O b4 18. Ne2 a5 19. Bg5 Rac8 20. Kb1
f4 21. Rhe1 h6 22. Bh4 Rfe8 23. Nc1 a4 24. Rd2 a3 25. b3 e4 26. Rde2 Bc3 27.
Rd1 exf3 28. gxf3 Bxf3 29. Rxe8+ Rxe8 30. Rf1 Bh5 31. Rxf4 Bg6 32. Rg4 Kh7 33.
Rg2 Re4 34. Bg3 Re7 35. Re2 Rd7 36. Be5 Bd2 37. Bf6 Rd6 38. Be7 Rd5 39. Bf6 Bf5
40. Re5 Rxe5 41. Bxe5 Kg6 42. Ne2 Bg4 43. Ng3 h5 44. h4 Bf3 45. Bc7 Kf6 46. Nf1
1/2-1/2

[Event "DEM U14 2015"]
[Site "Willingen GER"]
[Date "2015.05.27"]
[Round "6"]
[White "Rieß, Alexander"]
[Black "Buckels, Valentin"]
[Result "1/2-1/2"]
[Termination "normal"]
[Board "2"]
[WhiteElo "2150"]
[BlackElo "2178"]
[WhiteClock "00:16:02"]
[BlackClock "00:06:46"]
[PlyCount "142"]
[WhiteFideId "12953326"]
[BlackFideId "12942766"]
[EventCountry "GER"]
[EventRounds "9"]
[EventType "swiss"]
[EventDate "2015.05.23"]

1. d4 Nf6 2. c4 e6 3. Nf3 Bb4+ 4. Bd2 Qe7 5. g3 Bxd2+ 6. Qxd2 Nc6 7. Nc3 d5 8.
cxd5 exd5 9. Bg2 O-O 10. O-O Re8 11. e3 Bf5 12. Nh4 Be4 13. f3 Bg6 14. Nxg6
hxg6 15. Rfe1 Rad8 16. Qf2 Nb4 17. Rad1 c5 18. g4 g5 19. h4 gxh4 20. g5 Nh7 21.
f4 Nxg5 22. fxg5 Qxg5 23. Kh1 Re6 24. Bh3 Rf6 25. Qg2 Qh6 26. dxc5 Rg6 27. Qh2
Rg3 28. a3 Nc2 29. Rg1 Nxe3 30. Rde1 d4 31. Nd1 Qc6+ 32. Bg2 Rxg2 33. Rxg2 Nxg2
34. Qxg2 Qxc5 35. Qxb7 d3 36. Rf1 Qc4 37. Qe7 Qd5+ 38. Kg1 f6 39. Ne3 Qd7 40.
Qe4 Re8 41. Qc4+ Qe6 42. Qxe6+ Rxe6 43. Nf5 d2 44. Kf2 Re4 45. Ne3 h3 46. Ke2
g5 47. Kxd2 Kf7 48. Rh1 Rh4 49. Nf5 Rh7 50. Ke3 Kg6 51. Ke4 Rh8 52. Ne7+ Kf7
53. Nd5 Re8+ 54. Kf3 f5 55. Ne3 g4+ 56. Nxg4 fxg4+ 57. Kxg4 Rg8+ 58. Kxh3 Rh8+
59. Kg2 Rxh1 60. Kxh1 Ke6 61. Kg2 Kd5 62. Kf2 Kc4 63. Ke2 Kb3 64. Kd1 Kxb2 65.
a4 a5 66. Kd2 Ka3 67. Kc1 Kxa4 68. Kb1 Kb3 69. Ka1 a4 70. Kb1 a3 71. Ka1 a2
1/2-1/2

[Event "DEM U14 2015"]
[Site "Willingen GER"]
[Date "2015.05.27"]
[Round "6"]
[White "Engel, Luis"]
[Black "Stein, Robert"]
[Result "1-0"]
[Termination "normal"]
[Board "3"]
[WhiteElo "2212"]
[BlackElo "2010"]
[WhiteClock "00:18:03"]
[BlackClock "00:14:28"]
[PlyCount "109"]
[WhiteFideId "12961523"]
[BlackFideId "12921084"]
[EventCountry "GER"]
[EventRounds "9"]
[EventType "swiss"]
[EventDate "2015.05.23"]

1. e4 e5 2. Nf3 Nc6 3. Nc3 Nf6 4. d4 exd4 5. Nxd4 Bb4 6. Nxc6 bxc6 7. Bd3 d5 8.
exd5 cxd5 9. O-O O-O 10. h3 c6 11. Qf3 Rb8 12. Bf4 Bd6 13. b3 Be6 14. Rfe1 c5
15. Rad1 Bxf4 16. Qxf4 Rb4 17. Qg3 Qc8 18. Rd2 Rd8 19. Red1 a5 20. Bc4 d4 21.
Bxe6 Qxe6 22. Re2 Qc6 23. Na4 Rb7 24. Re5 Rd5 25. Qf3 Rbd7 26. c4 dxc3 27.
Rdxd5 c2 28. Rxd7 c1=Q+ 29. Kh2 Qc8 30. Rxc5 Nxd7 31. Rxc1 Qxc1 32. Nc3 Qg5 33.
g3 h6 34. Qd5 Qf6 35. Ne4 Qe7 36. a4 Nf8 37. Nd6 Qf6 38. Kg2 Ng6 39. Nb7 Ne7
40. Qd8+ Kh7 41. Qd3+ Ng6 42. Nxa5 Qg5 43. Nc4 f5 44. Qe3 f4 45. Qe4 h5 46. Kh2
Qf6 47. gxf4 Qh4 48. Ne3 Qxf2+ 49. Ng2 Kh6 50. f5 Nf8 51. Qf4+ Qxf4+ 52. Nxf4
Nd7 53. h4 Nc5 54. a5 Nxb3 55. a6 1-0

[Event "DEM U14 2015"]
[Site "Willingen GER"]
[Date "2015.05.27"]
[Round "6"]
[White "Schmidek, Emil"]
[Black "Wong, Gengchun"]
[Result "1-0"]
[Termination "normal"]
[Board "4"]
[WhiteElo "2163"]
[BlackElo "2015"]
[WhiteClock "00:03:04"]
[BlackClock "00:26:20"]
[PlyCount "127"]
[WhiteFideId "12908150"]
[BlackFideId "12963283"]
[EventCountry "GER"]
[EventRounds "9"]
[EventType "swiss"]
[EventDate "2015.05.23"]

1. e4 c5 2. Nf3 d6 3. d4 cxd4 4. Nxd4 Nf6 5. Nc3 a6 6. Bg5 Nbd7 7. Bc4 Qb6 8.
Bb3 e6 9. Qd2 Be7 10. O-O-O Nc5 11. Rhe1 Qc7 12. f4 h6 13. Bxf6 Bxf6 14. Nf3
Be7 15. f5 Bd7 16. fxe6 fxe6 17. e5 Nxb3+ 18. cxb3 d5 19. Kb1 Qb6 20. Qc2 O-O
21. Qg6 Be8 22. Qg4 Bf7 23. Nd4 Kh8 24. Ka1 Rad8 25. Re3 h5 26. Qh3 Bg5 27. Rf3
Bh6 28. Nce2 g5 29. g4 h4 30. Rc3 Rc8 31. Rxc8 Rxc8 32. Qf3 Rf8 33. Qf6+ Kh7
34. Qe7 Qd8 35. Qxb7 Qb8 36. Qxb8 Rxb8 37. Rc1 Bg7 38. Nf3 Kg6 39. Rc6 Rb4 40.
Ned4 a5 41. h3 Rb8 42. Nxe6 Bxe6 43. Rxe6+ Kh7 44. Nxg5+ Kg8 45. Kb1 Rf8 46.
Kc2 Rf2+ 47. Kc3 Re2 48. Re8+ Bf8 49. Kd3 Re1 50. Kd2 Rb1 51. e6 Kg7 52. e7
Bxe7 53. Rxe7+ Kf6 54. Re1 Rxb2+ 55. Kc3 Rxa2 56. Nh7+ Kg6 57. Nf8+ Kf7 58.
Rf1+ Kg7 59. Ne6+ Kh7 60. Rd1 a4 61. bxa4 Rxa4 62. Rxd5 Ra3+ 63. Kd4 Rxh3 64.
Ng5+ 1-0

[Event "DEM U14 2015"]
[Site "Willingen GER"]
[Date "2015.05.27"]
[Round "6"]
[White "Zienert, Richard"]
[Black "Wendler, David"]
[Result "1-0"]
[Termination "normal"]
[Board "5"]
[WhiteElo "2085"]
[BlackElo "1807"]
[WhiteClock "01:21:16"]
[BlackClock "00:12:24"]
[PlyCount "119"]
[WhiteFideId "12945986"]
[BlackFideId "12938360"]
[EventCountry "GER"]
[EventRounds "9"]
[EventType "swiss"]
[EventDate "2015.05.23"]

1. e4 c5 2. Nf3 Nc6 3. d4 cxd4 4. Nxd4 g6 5. Nc3 Bg7 6. Be3 Nf6 7. Bc4 O-O 8.
Bb3 a5 9. f3 d5 10. Bxd5 Nxd5 11. Nxd5 f5 12. Nxc6 bxc6 13. Nb6 Rb8 14. Qxd8
Rxd8 15. Rd1 Rxd1+ 16. Kxd1 Bxb2 17. Nxc8 Rxc8 18. exf5 gxf5 19. Ke2 Be5 20. f4
Bd6 21. Rb1 Rb8 22. Rxb8+ Bxb8 23. Kd3 Bd6 24. Kc4 a4 25. g3 Kf7 26. Bc5 Ke6
27. Bxd6 exd6 28. Kb4 Kd5 29. Kxa4 Kc4 30. Ka5 Kc3 31. Kb6 c5 32. a4 Kxc2 33.
a5 c4 34. a6 c3 35. a7 Kb1 36. a8=Q c2 37. Qh1+ c1=Q 38. Qxc1+ Kxc1 39. Kc6 Kd2
40. Kxd6 Ke3 41. Ke5 Kf3 42. Kxf5 Kg2 43. Kg4 Kxh2 44. f5 h5+ 45. Kxh5 Kxg3 46.
f6 Kf4 47. f7 Ke5 48. f8=Q Kd5 49. Qe7 Kd4 50. Kg4 Kd5 51. Kf5 Kd4 52. Qe4+ Kc5
53. Qd3 Kc6 54. Ke6 Kc5 55. Qc3+ Kb6 56. Kd6 Kb7 57. Qc7+ Ka8 58. Qd7 Kb8 59.
Kc6 Ka8 60. Qb7# 1-0

[Event "DEM U14 2015"]
[Site "Willingen GER"]
[Date "2015.05.27"]
[Round "6"]
[White "Weller, Uli"]
[Black "Mätzkow, Maximilian Paul"]
[Result "0-1"]
[Termination "normal"]
[Board "6"]
[WhiteElo "1786"]
[BlackElo "2050"]
[WhiteClock "00:05:10"]
[BlackClock "00:11:36"]
[PlyCount "138"]
[WhiteFideId "12971782"]
[BlackFideId "24679933"]
[EventCountry "GER"]
[EventRounds "9"]
[EventType "swiss"]
[EventDate "2015.05.23"]

1. e4 c5 2. Nf3 d6 3. d4 cxd4 4. Nxd4 Nf6 5. Nc3 a6 6. h3 e6 7. g4 h6 8. Bg2
Be7 9. Be3 Nbd7 10. Qd2 Qc7 11. f4 Nb6 12. Rd1 Nc4 13. Qc1 Bd7 14. Bf2 Rc8 15.
Nce2 Qa5+ 16. c3 e5 17. fxe5 dxe5 18. Nf5 Bxf5 19. exf5 Qxa2 20. Bxb7 Rc7 21.
Bg2 O-O 22. O-O Rb8 23. Qa1 Rxb2 24. Qxa2 Rxa2 25. Rfe1 Rc2 26. Rc1 Rxc1 27.
Rxc1 Bc5 28. Ra1 a5 29. Nc1 Bxf2+ 30. Kxf2 Nb2 31. Rxa5 Rxc3 32. Ne2 Rc7 33.
Rb5 Nc4 34. Nc3 Nd6 35. Rb8+ Kh7 36. Nd5 Rc2+ 37. Kf1 Rc1+ 38. Kf2 Rc2+ 39. Kf1
Rc1+ 40. Kf2 Nde4+ 41. Bxe4 Nxe4+ 42. Ke2 Nc3+ 43. Kd2 Rd1+ 44. Kxc3 Rxd5 45.
Rb7 f6 46. Rb4 h5 47. gxh5 Kh6 48. Rg4 Rd7 49. Rg6+ Kxh5 50. Rg4 Kh6 51. Rg6+
Kh7 52. Rg4 Rd1 53. Rh4+ Kg8 54. Kc2 Rg1 55. Kd3 Rg3+ 56. Ke4 Kf7 57. Rh7 Ke7
58. Rh8 Kd6 59. h4 Rg4+ 60. Ke3 Ke7 61. Rh7 Kd6 62. Rh8 Kd5 63. Rd8+ Kc4 64.
Rc8+ Kb3 65. Rh8 Rf4 66. Rg8 Rxh4 67. Rxg7 Rf4 68. Rg3 Kc4 69. Rg8 Rxf5 0-1

[Event "DEM U14 2015"]
[Site "Willingen GER"]
[Date "2015.05.27"]
[Round "6"]
[White "Hofmann, Rares"]
[Black "Muckle, Julius"]
[Result "1-0"]
[Termination "normal"]
[Board "7"]
[WhiteElo "2003"]
[BlackElo "2129"]
[WhiteClock "00:00:42"]
[BlackClock "00:01:27"]
[PlyCount "65"]
[WhiteFideId "12976440"]
[BlackFideId "12942430"]
[EventCountry "GER"]
[EventRounds "9"]
[EventType "swiss"]
[EventDate "2015.05.23"]

1. e4 e6 2. d4 d5 3. Nc3 dxe4 4. Nxe4 Bd7 5. Nf3 Bc6 6. Neg5 Nd7 7. Nxf7 Kxf7
8. Ng5+ Ke8 9. Bd3 Qf6 10. O-O Kd8 11. Re1 h6 12. Nxe6+ Kc8 13. Nf4 Ne7 14. d5
Ba4 15. Re6 Qf7 16. Ng6 Rg8 17. Qe2 Kd8 18. b3 Nc5 19. Nxf8 Rxf8 20. bxa4 Nxd5
21. Re5 Nd7 22. Rf5 N5f6 23. Bb2 Re8 24. Qf3 c6 25. Bc3 Qe6 26. a5 Nd5 27. Bxg7
Nb4 28. Bc3 Nd5 29. Re1 Qg8 30. Rxe8+ Qxe8 31. Bd2 Qh8 32. h3 Ne7 33. Rh5 1-0

[Event "DEM U14 2015"]
[Site "Willingen GER"]
[Date "2015.05.27"]
[Round "6"]
[White "Roseneck, Jonas"]
[Black "Reuker, Jari"]
[Result "1/2-1/2"]
[Termination "normal"]
[Board "9"]
[WhiteElo "1975"]
[BlackElo "2057"]
[WhiteClock "00:20:28"]
[BlackClock "00:21:09"]
[PlyCount "97"]
[WhiteFideId "12939870"]
[BlackFideId "12909300"]
[EventCountry "GER"]
[EventRounds "9"]
[EventType "swiss"]
[EventDate "2015.05.23"]

1. e4 c5 2. Nf3 e6 3. d4 cxd4 4. Nxd4 a6 5. Bd3 Bc5 6. Nb3 Ba7 7. Qe2 Nc6 8.
Be3 d6 9. Nc3 b5 10. O-O Nge7 11. a3 O-O 12. Kh1 e5 13. Nd5 Nxd5 14. exd5 Ne7
15. Bxa7 Rxa7 16. c4 bxc4 17. Bxc4 Ng6 18. Rac1 f5 19. Qd2 f4 20. f3 Rf5 21.
Qf2 Raf7 22. Nd2 Rh5 23. Ne4 Nh4 24. Bd3 Nf5 25. g4 fxg3 26. Nxg3 Nxg3+ 27.
Qxg3 Bd7 28. Be4 Rg5 29. Qf2 Bf5 30. Qe2 Bh3 31. Rg1 Rxg1+ 32. Rxg1 Bc8 33. Qd3
h6 34. Qd2 Kf8 35. b4 Rc7 36. Qd3 Bb7 37. Bg6 Qf6 38. a4 Qf4 39. Be4 Rc1 40. b5
Qg5 41. Rxc1 Qxc1+ 42. Kg2 axb5 43. axb5 Qg5+ 44. Kh1 Qc1+ 45. Kg2 Qg5+ 46. Kf2
Qh4+ 47. Kg1 Qg5+ 48. Kf1 Qc1+ 49. Kg2 1/2-1/2

[Event "DEM U14 2015"]
[Site "Willingen GER"]
[Date "2015.05.27"]
[Round "6"]
[White "Degenhard, Simon"]
[Black "Holinka, Henning"]
[Result "0-1"]
[Termination "normal"]
[Board "10"]
[WhiteElo "1851"]
[BlackElo "1872"]
[WhiteClock "00:21:13"]
[BlackClock "00:11:22"]
[PlyCount "50"]
[WhiteFideId "12944017"]
[BlackFideId "12967084"]
[EventCountry "GER"]
[EventRounds "9"]
[EventType "swiss"]
[EventDate "2015.05.23"]

1. e4 g6 2. d4 Bg7 3. Nc3 a6 4. Be3 d6 5. Qd2 b5 6. f3 Bb7 7. O-O-O Nd7 8. Kb1
Rc8 9. h4 h5 10. g4 hxg4 11. fxg4 Ngf6 12. Qg2 b4 13. g5 bxc3 14. gxf6 Nxf6 15.
Bd3 cxb2 16. Ne2 Qd7 17. Rdg1 c5 18. c3 cxd4 19. cxd4 Qe6 20. Nf4 Qxe4 21. Qxb2
Qxe3 22. Re1 Qxf4 23. Rxe7+ Kxe7 24. Qxb7+ Nd7 25. Re1+ Be5 0-1

[Event "DEM U14 2015"]
[Site "Willingen GER"]
[Date "2015.05.27"]
[Round "6"]
[White "Weber, Samuel"]
[Black "Gungl, Theo"]
[Result "0-1"]
[Termination "normal"]
[Board "11"]
[WhiteElo "1954"]
[BlackElo "2085"]
[PlyCount "62"]
[WhiteFideId "12924008"]
[BlackFideId "24695653"]
[EventCountry "GER"]
[EventRounds "9"]
[EventType "swiss"]
[EventDate "2015.05.23"]

1. e4 c5 2. d4 cxd4 3. c3 dxc3 4. Nxc3 Nc6 5. Nf3 e6 6. Bc4 a6 7. O-O Nge7 8.
Bg5 Qc7 9. Rc1 Qb8 10. Re1 Ng6 11. e5 Bb4 12. a3 Ba5 13. b4 Bc7 14. Ne4 O-O 15.
Nf6+ gxf6 16. exf6 Bf4 17. Bxf4 Qxf4 18. Nd2 d5 19. Bd3 Qxf6 20. Qh5 Qg7 21.
Nf3 Nf4 22. Bxh7+ Kh8 23. Qg5 Qxg5 24. Nxg5 f6 25. g3 fxg5 26. gxf4 Kxh7 27.
fxg5 Kg6 28. Re3 e5 29. Kg2 Kxg5 30. h4+ Kf6 31. Rh1 Bf5 0-1

[Event "DEM U14 2015"]
[Site "Willingen GER"]
[Date "2015.05.27"]
[Round "6"]
[White "Schäfer, Nicolas"]
[Black "Poghosyan, Tigran"]
[Result "0-1"]
[Termination "normal"]
[Board "12"]
[WhiteElo "1595"]
[BlackElo "2136"]
[PlyCount "148"]
[WhiteFideId "12988901"]
[BlackFideId "12909319"]
[EventCountry "GER"]
[EventRounds "9"]
[EventType "swiss"]
[EventDate "2015.05.23"]

1. Nf3 Nf6 2. c4 g6 3. Nc3 d5 4. cxd5 Nxd5 5. e4 Nxc3 6. dxc3 Qxd1+ 7. Kxd1 Bg7
8. Be3 e5 9. Nd2 f5 10. f3 O-O 11. Bc4+ Kh8 12. Kc2 Nd7 13. b4 Nf6 14. Rhf1 b6
15. Bd3 Bb7 16. c4 Nh5 17. Rfe1 Nf4 18. Bf1 Ne6 19. Rad1 Rad8 20. exf5 gxf5 21.
Nb3 e4 22. f4 h6 23. g3 Kh7 24. Rd2 Rxd2+ 25. Bxd2 Nd4+ 26. Nxd4 Bxd4 27. Be3
c5 28. bxc5 bxc5 29. Bd2 Ba6 30. Be2 Rb8 31. Rb1 Rxb1 32. Kxb1 Kg7 33. Be1 Bb7
34. Kc2 Bg1 35. h3 h5 36. g4 hxg4 37. hxg4 e3 38. Bg3 Bf2 39. Bh2 Bg2 40. Kd1
Kf6 41. Kc1 fxg4 42. Bxg4 Bf1 43. Kd1 Bxc4 44. f5 Bxa2 45. Bd6 c4 46. Bc5 Kg5
47. Be2 Bb3+ 48. Kc1 a5 49. Kb2 Kxf5 50. Ka3 Ke4 51. Kb2 Be1 52. Ka3 Bd2 53.
Bxc4 Bxc4 54. Bxe3 Bxe3 55. Ka4 Bd2 56. Ka3 Bc3 57. Ka4 Bg8 58. Ka3 Bf7 59. Ka4
Bb4 60. Kb5 Bb3 61. Kb6 a4 62. Kb5 a3 63. Kxb4 a2 64. Kxb3 a1=Q 65. Kc4 Qc1+
66. Kb5 Qc3 67. Kb6 Qc4 68. Kb7 Qc5 69. Kb8 Qe7 70. Kc8 Kd5 71. Kb8 Kc6 72. Ka8
Kb6 73. Kb8 Qd7 74. Ka8 Qa7# 0-1

[Event "DEM U14 2015"]
[Site "Willingen GER"]
[Date "2015.05.27"]
[Round "6"]
[White "Browning, Alex"]
[Black "Rockmann, Jan-Okke"]
[Result "0-1"]
[Termination "normal"]
[Board "13"]
[WhiteElo "1864"]
[BlackElo "1833"]
[PlyCount "86"]
[WhiteFideId "12984019"]
[BlackFideId "12942111"]
[EventCountry "GER"]
[EventRounds "9"]
[EventType "swiss"]
[EventDate "2015.05.23"]

1. e4 e5 2. Nf3 Nc6 3. Bb5 a6 4. Ba4 Nf6 5. O-O Be7 6. Re1 b5 7. Bb3 O-O 8. a4
Bb7 9. d3 d6 10. Nc3 Na5 11. Ba2 b4 12. Nd5 Nxd5 13. Bxd5 c6 14. Ba2 b3 15.
cxb3 c5 16. Bd2 Nc6 17. Bc3 a5 18. Nd2 Nb4 19. Bxb4 axb4 20. Nc4 f5 21. Qe2 Qe8
22. f4 exf4 23. exf5 Qc6 24. Qe4 Bf6 25. Qxc6 Bxc6 26. Re6 Bd4+ 27. Kf1 f3 28.
g4 f2 29. Nd2 Rae8 30. Rxd6 Ba8 31. Rd1 h5 32. Bb1 hxg4 33. Ne4 Rxf5 34. Rg6
Rh5 35. Kg2 Kf7 36. Rxg4 Reh8 37. Rf4+ Ke6 38. h4 g5 39. Rg4 Rxh4 40. Rxh4 gxh4
41. Kh3 Rg8 42. Rf1 Rg1 43. Nd2 Bg2+ 0-1

[Event "DEM U14 2015"]
[Site "Willingen GER"]
[Date "2015.05.27"]
[Round "6"]
[White "Wierzbicki, Jirawat"]
[Black "Pommerenke, Kayonzo"]
[Result "1-0"]
[Termination "normal"]
[Board "14"]
[WhiteElo "1972"]
[BlackElo "1601"]
[PlyCount "57"]
[WhiteFideId "1153579"]
[BlackFideId "12968129"]
[EventCountry "GER"]
[EventRounds "9"]
[EventType "swiss"]
[EventDate "2015.05.23"]

1. e4 e5 2. Nf3 Nf6 3. Nc3 Nc6 4. d4 exd4 5. Nxd4 d6 6. Bc4 Be7 7. O-O Ne5 8.
Be2 O-O 9. f4 Ng6 10. Qe1 c6 11. Be3 d5 12. e5 Ne4 13. Nxe4 dxe4 14. Rd1 Qc7
15. Bh5 f5 16. Qc3 a6 17. Qb3+ Rf7 18. Ne6 Bxe6 19. Qxe6 Qc8 20. Rd7 Qe8 21.
Rfd1 Bf8 22. Qxf7+ Qxf7 23. Rxf7 Kxf7 24. Rd7+ Ke6 25. Rxb7 Ne7 26. Bc5 a5 27.
Be2 g5 28. Bxe7 Bxe7 29. Bc4# 1-0

[Event "DEM U14 2015"]
[Site "Willingen GER"]
[Date "2015.05.27"]
[Round "6"]
[White "Baltic, Fatih"]
[Black "Schumacher, Ole"]
[Result "1-0"]
[Termination "normal"]
[Board "15"]
[WhiteElo "1887"]
[BlackElo "1414"]
[PlyCount "47"]
[WhiteFideId "12979090"]
[BlackFideId "12971898"]
[EventCountry "GER"]
[EventRounds "9"]
[EventType "swiss"]
[EventDate "2015.05.23"]

1. e4 c5 2. Nf3 d6 3. d4 cxd4 4. Nxd4 Nf6 5. Nc3 a6 6. Be3 e5 7. Nb3 Be6 8. f3
Nbd7 9. Qd2 b5 10. g4 Be7 11. g5 Nh5 12. O-O-O b4 13. Nd5 Bxd5 14. exd5 a5 15.
Kb1 O-O 16. Rg1 Qc7 17. f4 exf4 18. Bxf4 Nxf4 19. Qxf4 a4 20. Nd4 Ne5 21. Rg3
Qa5 22. Nf5 Rfe8 23. Rh3 g6 24. Qh4 1-0

[Event "DEM U14 2015"]
[Site "Willingen GER"]
[Date "2015.05.27"]
[Round "6"]
[White "Silber, Kevin"]
[Black "Piskaykin, Bogdan"]
[Result "0-1"]
[Termination "time forfeit"]
[Board "17"]
[WhiteElo "1841"]
[BlackElo "1771"]
[PlyCount "68"]
[WhiteFideId "12930440"]
[BlackFideId "12941212"]
[EventCountry "GER"]
[EventRounds "9"]
[EventType "swiss"]
[EventDate "2015.05.23"]

1. e4 c5 2. Nf3 d6 3. Bb5+ Bd7 4. Bxd7+ Qxd7 5. c4 e5 6. d3 g6 7. Nc3 h6 8. Bd2
Bg7 9. a3 Nc6 10. O-O Nge7 11. Qb1 O-O 12. b4 b6 13. b5 Nd8 14. a4 f5 15. a5
Ne6 16. axb6 axb6 17. Ra6 Rab8 18. Nd5 fxe4 19. dxe4 Nc8 20. Qa2 Rxf3 21. gxf3
Nd4 22. Kg2 Qf7 23. Qa3 g5 24. Qd3 Qh5 25. Re1 Kh7 26. h3 Rb7 27. Re3 Ne7 28.
Nxe7 Rxe7 29. Ra3 Rf7 30. Qb1 Rf4 31. Red3 Rh4 32. Qh1 Qf7 33. Bc1 Qxc4 34. Re3
Nxb5 0-1

[Event "DEM U14 2015"]
[Site "Willingen GER"]
[Date "2015.05.27"]
[Round "6"]
[White "Hinrichs, Niklas"]
[Black "Oganessjan, Artur"]
[Result "1-0"]
[Termination "normal"]
[Board "18"]
[WhiteElo "1818"]
[BlackElo "1857"]
[PlyCount "75"]
[WhiteFideId "12942499"]
[BlackFideId "12986062"]
[EventCountry "GER"]
[EventRounds "9"]
[EventType "swiss"]
[EventDate "2015.05.23"]

1. d4 d5 2. c4 c6 3. Nc3 Nf6 4. Nf3 e6 5. e3 Nbd7 6. Bd3 dxc4 7. Bxc4 b5 8. Bd3
Be7 9. O-O O-O 10. a4 b4 11. Ne4 a5 12. Nxf6+ Nxf6 13. e4 Bb7 14. Qc2 h6 15. h3
Rc8 16. Be3 Qc7 17. Rac1 Nd7 18. Qd2 e5 19. dxe5 Nxe5 20. Nxe5 Qxe5 21. Bf4 Qd4
22. Qe2 Bf6 23. b3 Rfe8 24. Rfd1 Qb2 25. Qh5 g6 26. Qxh6 Bg7 27. Qg5 c5 28. f3
Red8 29. Bc4 Rd4 30. Be3 Rxd1+ 31. Rxd1 Qf6 32. Qxf6 Bxf6 33. Rd7 Ba8 34. Rxf7
Rf8 35. Rxf6+ Kg7 36. Bh6+ Kxf6 37. Bxf8 Ke5 38. Bxc5 1-0

[Event "DEM U14 2015"]
[Site "Willingen GER"]
[Date "2015.05.27"]
[Round "6"]
[White "Riedel, Erich"]
[Black "Toptschiev, David"]
[Result "1/2-1/2"]
[Termination "normal"]
[Board "19"]
[WhiteElo "1783"]
[BlackElo "1873"]
[PlyCount "86"]
[WhiteFideId "12958646"]
[BlackFideId "12968005"]
[EventCountry "GER"]
[EventRounds "9"]
[EventType "swiss"]
[EventDate "2015.05.23"]

1. e4 c5 2. Nf3 Nc6 3. d4 cxd4 4. Nxd4 g6 5. Nc3 Bg7 6. Be3 Nf6 7. Bc4 O-O 8.
Bb3 d6 9. f3 Bd7 10. O-O a5 11. Ndb5 Ne5 12. Qe2 h5 13. a4 Kh7 14. Qf2 Bc6 15.
Bb6 Qd7 16. Nc7 Rac8 17. N3d5 Bxd5 18. Nxd5 Nxd5 19. exd5 Nc4 20. c3 Nxb6 21.
Qxb6 Rc5 22. Rad1 Ra8 23. Bc2 Bf6 24. Rfe1 Kg7 25. Re2 Ra6 26. Qb3 Qc7 27. Bd3
Ra8 28. Bb5 h4 29. Kh1 Rh8 30. Rd3 Rh5 31. Qd1 Qc8 32. c4 Qc7 33. b3 Qb6 34.
Re1 Rc7 35. Re2 Re5 36. Qe1 Rxe2 37. Qxe2 Qc5 38. g3 hxg3 39. hxg3 Rc8 40. Bd7
Rh8+ 41. Kg2 Qa3 42. f4 Qa1 43. Rd1 Qa3 1/2-1/2

[Event "DEM U14 2015"]
[Site "Willingen GER"]
[Date "2015.05.27"]
[Round "6"]
[White "Schirra, Maurice"]
[Black "Langjahr, Marius"]
[Result "1-0"]
[Termination "normal"]
[Board "20"]
[WhiteElo "1791"]
[BlackElo "1812"]
[PlyCount "79"]
[WhiteFideId "12941115"]
[BlackFideId "12974625"]
[EventCountry "GER"]
[EventRounds "9"]
[EventType "swiss"]
[EventDate "2015.05.23"]

1. e4 e6 2. Nc3 d5 3. Nf3 Bb4 4. a3 Bxc3 5. dxc3 Ne7 6. Bf4 O-O 7. Bd3 Nbc6 8.
Qe2 Ng6 9. Bg3 f5 10. O-O-O fxe4 11. Bxe4 Nf4 12. Bxf4 Rxf4 13. Bd3 Qf6 14. c4
d4 15. Be4 Bd7 16. g3 Rxf3 17. Qxf3 Qxf3 18. Bxf3 Rf8 19. Bxc6 Bxc6 20. Rhf1
Bg2 21. Rfe1 Bh3 22. Rxd4 Rxf2 23. Rd7 Bf5 24. Rd2 Rxd2 25. Kxd2 Kf7 26. c3 Ke7
27. Ke3 b6 28. Rd1 g5 29. b4 Bc2 30. Rd2 Bb3 31. Kd4 Kd6 32. Rf2 g4 33. Rf8 Bc2
34. Ra8 a5 35. bxa5 e5+ 36. Ke3 Kc5 37. a6 Kxc4 38. Rc8 Kxc3 39. Rxc7+ Kb3 40.
Rxc2 1-0